000 00432 a2200169 4500
020 _a978-0-415-31172-4
041 _aEng
082 _a801
_bSa50a
100 _aSanders, Julie
245 _aAdaptation and appropriation.
260 _aLondon:
_bRoutledge,
_c2006.
300 _a184p.
504 _aBibliography:p.165-178
650 _aLiterary terms
_aLiterary works
_aEnglish drama
653 _a Literature
942 _2ddc
_cGEN
999 _c68045
_d68031